Putešestvie iz Peterburga v Moskvu (Titelsatznr. 46824)
[ MARC ]
| 000 -Satzkennung | |
|---|---|
| Kontrollfeld mit fester Länge | 00711nam a22001811cc4500 |
| 001 - Kontrollnummer | |
| Kontrollfeld | a987677397+Kniga2 |
| 035 ## - Systemkontrollnummer | |
| System-Kontrollnummer | a987677397 |
| 008 - Feld mit fester Länge zur physischen Beschreibung - Allgemeine Angaben | |
| Kontrollfeld mit fester Länge | 170707s2015 gw a||| 000u rus d |
| 020 ## - Internationale Standardbuchnummer | |
| Internationale Standardbuchnummer | 9785971014539 |
| Verknüpfung | 978-5-9710-1453-9 |
| 040 ## - Katalogisierungsquelle | |
| Übertragungsstelle | RU-10907106 |
| 003 - Kontrollnummer Identifier | |
| Kontrollfeld | RU-10907106 |
| 245 00 - Titel | |
| Titel | Putešestvie iz Peterburga v Moskvu |
| Zählung des Teils/der Abteilung eines Werkes | Kniga 2 |
| Titel eines Teils/einer Abteilung eines Werkes | Putešestvie iz Peterburga v Moskvu v XXI veke : po itogam ekspedicii 2013 goda |
| 264 ## - Produktion, Veröffentlichung, Distribution, Herstellung und Urheberrechtsvermerk | |
| Herstellungs-, Veröffentlichungs- Vertriebs-, Erzeugungsort | Moskva : |
| Produzent, Herausgeber, Distributor, Hersteller | URSS, |
| Datum der Herstellung, der Veröffentlichung, des Vertriebs oder des Urheberschutzvermerks | 2015 |
| 246 12 - Titelvarianten | |
| Hauptsachtitel/Kurztitel | Putešestvie iz Peterburga v Moskvu : 222 goda spustja. Putešestvie iz Peterburga v Moskvu v XXI veke : po itogam ekspedicii 2013 goda |
| Zählung des Teils/der Abteilung eines Werkes | Kniga 2 |
| 300 ## - Physische Beschreibung | |
| Umfang | 352 S.: graph. Dasrst., Ill., Kt. |
| 773 08 - Übergeordnete Einheit | |
| Datensatzkontrollnummer | a987677397 |
| Zählung und erste Seite | Kniga2 |
| 942 ## - Zusätzliche Felder (Koha) | |
| Koha-Medientyp | Monographien |
| Ausgeschieden | Verloren | Klassifikation oder Aufstellungssystematik | Beschädigt | Nicht entleihbar | Heimatbibliothek | Aufenthaltsbibliothek | Aufstellungsort | Erwerbungsdatum | Inventarnummer | Signatur | Barcode | Letzte Aktivität | Preis gültig von | Koha-Medientyp |
|---|---|---|---|---|---|---|---|---|---|---|---|---|---|---|
| Andere/Generische Klassifikation | MWN Osteuropa | MWN Osteuropa | Magazin - 2 | 07/07/2017 | 16-03383 Ersatzß | R 72 f Nef 1 (2) | E0040150790B9FBD | 02/10/2020 | 22/03/2021 | Monographien |